Регионална библиотека "Любен Каравелов" - Русе

Коронавирус (Запис номер 380738)

MARC детайли
000 -Лидер
Контролно поле с фиксирана дължина 01341nam a2200277 a 4500
003 - Код на организацията, давaща контролен номер
Контролно поле BLK
005 - Дата и час на последна редакция
Контролно поле 20231027115309.0
008 - Елементи от данни с фиксирана дължина
fixed length control field 200810b bu ||||| |||| 00| 0 bu d
020 ## - Международен стандартен номер на книга ISBN
Международен стандартен номер на книга ISBN 9789546559876
040 ## - Източник на каталожния запис
Идентификатор на билиотеката - собственик на записа BLK
041 ## - Код за език
Код за езика на текст/звукозапис или на отделно заглавие Български
Код за езика КДБФ Български
080 ## - УДК
Текстов определител УДК Разпространяване на научните знания - популяризиране на науката, занимателна наука, учение за явленията научно необяснени, заблуждения и фалшификации, илюзии и др. п., секретност на научните знания
УДК код - определител по УДК 001.9
УДК - код + определител 001.9
080 ## - УДК
УДК код - определител по УДК 616.98
УДК - код + определител 616.98
100 ## - Редна дума - Автор
Автор Прокопенко, Игор Станиславович
Авторска отговорност първи автор
R(LIN) 1299
139 ## - Редно поле
Редна дума Прокопенко, Игор Станиславович
Авторски знак Прод - П 91
245 ## - Сведения за заглавието
Заглавие Коронавирус
Подзаглавни данни Вирусът убиец
Редно поле (дума) Игор Прокопенко; прев. от рус. Иван Тотоманов.
260 ## - Област на издателските данни
9 (RLIN) 209457
Място на издаване, разпространение и проч. София
Име на издателя, разпространителя и проч. Бард
Година на издаване 2020
300 ## - Физическа характеристика
Страници 174 с.
Размери/Мащаб 21 см
380 ## - Жанр
Жанр Общ отдел
650 #7 - Допълнително описание по предмет – тема
9 (RLIN) 150756
Основно описание – тема или топоним Вируси
700 ## - Други автори (авторска отговорност)
Лично име Тотоманов, Иван Димитров, 1953 -
9 (RLIN) 367882
999 ## - СИСТЕМНИ КОНТРОЛНИ НОМЕРА
Koha biblionumber 380738
Koha biblioitemnumber 380738
942 ## - АРТИКУЛИ
Вид на библиотечния материал Книги
Скрит в OPAC Не
Периодичен библиозапис Да
Koha issues (borrowed), all copies 15
944 ## - СЪЗДАВАНЕ И РЕДАКЦИЯ на ЗАПИСА
Създаване/Редакция Създаване
Дата на регистрацията/редакция 2020-08-10
Служител, извършил регистрацията/редакцията 30530
Статус, дата на статуса Минев Младен
999 ## - СИСТЕМНИ КОНТРОЛНИ НОМЕРА
Koha biblioitemnumber 380738
999 ## - СИСТЕМНИ КОНТРОЛНИ НОМЕРА
Koha biblioitemnumber 380738
Наличности
Код за отписване Код за изгубен артикул Източник на класификационната схема Код за повреда Код за отдаване Артикулен № Име на библиотеката - собственик Име на библиотеката, в която се намира в момента Статус (Текущо местоположение) Дата на вписване в системата Местоположение - отдел Цена в лева Систематично азбучна сигнатура Баркод Цена в евро Служебен тип на артикула
  Не е изгубен Universal Decimal Classification Не е повреден заемане за дома 804133 Регионална библиотека "Любен Каравелов" Русе Регионална библиотека "Любен Каравелов" Русе Заемна - подръчен фонд 2020-10-28 Заемна - подръчен фонд 11.24 001.9/П 91 К 120000849457 5.75 Книги
Vip Innovations Ltd, Rousse, Bulgaria 2025